The radio handbook.

Includes advertising matter.

Bibliographic Details
Format: Serial
Language:English
Published: San Fransico, Calif. : [Pacific Radio Pub.], 1935-
Subjects:

MARC

Tag First Indicator Second Indicator Subfields
LEADER 00000cas a2200000 a 4500
001 in00000037178
008 750921u1935uuuuinu x 0 a0eng d
005 20250225213534.4
010 |z  40033904  
019 |a 1611363  |a 2737178  |a 3675738  |a 985138486 
029 1 |a NZ1  |b 12500200 
029 1 |a NZ1  |b 12698326 
029 1 |a NZ1  |b 1472422 
035 |a (OCoLC)ocm01643000 
035 |a (OCoLC)1643000  |z (OCoLC)1611363  |z (OCoLC)2737178  |z (OCoLC)3675738  |z (OCoLC)985138486 
035 |a (OCoLC)ocm01643000 
040 |a MUL  |b eng  |c MUL  |d IUL  |d OCL  |d NYG  |d OCL  |d HZK  |d UMC  |d STF  |d OCLCQ  |d OCLCF  |d OCLCO  |d OCL  |d OCLCO  |d VYT  |d UOK  |d GILDS  |d OCLCO  |d OCLCQ  |d CPO  |d OCLCQ  |d OCLCO 
050 1 4 |a TK6550  |b .R14 
082 0 4 |a 621.38402 
245 0 4 |a The radio handbook. 
246 1 |i Issue for 1937 has title:  |a Jones radio handbook 
246 1 4 |a Frank C. Jones radio handbook  |f 1937 
264 1 |a San Fransico, Calif. :  |b [Pacific Radio Pub.],  |c 1935- 
300 |a volumes :  |b illustrations, diagrams ;  |c 23-29 cm 
310 |a Irregular 
336 |a text  |b txt  |2 rdacontent 
337 |a unmediated  |b n  |2 rdamedia 
338 |a volume  |b nc  |2 rdacarrier 
362 1 |a Began with [1st ed. (1935)]. 
500 |a Published: Editors and Engineers, <1947-1975>; Indianapolis, in: Howard W. Sams, <1986-> 
500 |a Volumes 1, 5-8 prepared by the editors of Radio (later Audio); volumes 2-4, by F. C. Jones. 
520 |a Includes advertising matter. 
588 0 |a [1st ed. (1935)]; title from title page (surrogate). 
588 1 |a 23 rd ed. (1986). 
650 0 |a Radio  |v Handbooks, manuals, etc. 
650 6 |a Radio  |v Guides, manuels, etc. 
650 7 |a Radio.  |2 fast  |0 (OCoLC)fst01087053 
655 7 |a handbooks.  |2 aat 
655 7 |a Handbooks and manuals.  |2 fast  |0 (OCoLC)fst01423877 
655 7 |a Handbooks and manuals.  |2 lcgft 
776 0 8 |i Online version:  |t Radio handbook  |w (OCoLC)763143948 
948 |h HELD BY TXA - 262 OTHER HOLDINGS 
994 |a Z0  |b TXA 
999 f f |s 6f5de3d1-92f3-3ddc-89d9-16874316974c  |i a619009a-13ff-3003-8e8e-26d0f4fb0121  |t 0 
952 f f |a Texas A&M University  |b College Station  |c Sterling C. Evans Library  |d Evans: Library Stacks  |e TK6550 .R14  |h Library of Congress classification  |i unmediated -- volume  |k 21st ed.  |l 1978  |m A14807728012  |p normal  |s Evans stk  |t 0 
952 f f |a Texas A&M University  |b College Station  |c Sterling C. Evans Library  |d Evans: Library Stacks  |e TK6550 .R14  |h Library of Congress classification  |i unmediated -- volume  |k 4th ed.  |l 1938  |m A14807348422  |p normal  |s Evans stk  |t 0 
952 f f |a Texas A&M University  |b College Station  |c Sterling C. Evans Library  |d Evans: Library Stacks  |e TK6550 .R14  |h Library of Congress classification  |i unmediated -- volume  |k 22nd ed.  |l 1981  |m A14807274924  |p normal  |s Evans stk  |t 0 
952 f f |a Texas A&M University  |b College Station  |c Sterling C. Evans Library  |d Evans: Library Stacks  |e TK6550 .R14  |h Library of Congress classification  |i unmediated -- volume  |k 11th ed.  |l 1947  |m A14801038079  |p normal  |s Evans stk  |t 0 
952 f f |a Texas A&M University  |b College Station  |c Sterling C. Evans Library  |d Evans: Library Stacks  |e TK6550 .R14  |h Library of Congress classification  |i unmediated -- volume  |k 23rd ed.  |l 1986  |m A14809825373  |p normal  |s Evans stk  |t 0